| 000 | 00360nam a2200145Ia 4500 | ||
|---|---|---|---|
| 008 | 230312s9999||||xx |||||||||||||| ||und|| | ||
| 082 |
_a657 _bSIM |
||
| 100 | _asimon, harry | ||
| 245 | 0 | _aManual for Intermediate accounting | |
| 260 |
_bSouth Western _aUSA _c1964 |
||
| 300 | _a227 | ||
| 546 | _aEng. | ||
| 650 |
_aAccounting _vfinancial statement |
||
| 942 | _cBK | ||
| 999 |
_c4963 _d4963 |
||